Geography Quiz

Random Geography or City Quiz

Countries by Capitals: Europe Quiz Stats

 Plays Quiz Updated Oct 10, 2016

Challenge
Share
Tweet
Embed
Score 0/47 Timer 04:00
10 Plays Today
Question Answer Wrong Answers
Moscow Russia
91.9%
Belarus
0.1%
Estonia
0.1%
Ukraine
0.2%
London United Kingdom
91.9%
Ireland
0.1%
Iceland
0.1%
France
0.2%
Paris France
91.8%
Italy
0.3%
Belgium
0.1%
Spain
0.1%
Athens Greece
91.8%
Cyprus
0.2%
Macedonia
0.1%
Turkey
0.2%
Madrid Spain
91.4%
Portugal
0.6%
Italy
0.3%
Greece
0.1%
Berlin Germany
91.4%
France
0.1%
Luxembourg
0.1%
Belgium
0.8%
Rome Italy
91.1%
Vatican City
0.7%
Spain
0.2%
Greece
0.4%
Warsaw Poland
90.9%
Lithuania
0.4%
Czechia
0.6%
Slovakia
0.5%
Luxembourg Luxembourg
90.6%
San Marino
0.2%
Andorra
0.2%
Switzerland
1.4%
Monaco Monaco
90.3%
Corsica
0.5%
San Marino
1.1%
Portugal
0.5%
Vatican City Vatican City
90.2%
Italy
1.9%
San Marino
0.2%
Malta
0.1%
Vienna Austria
89.6%
Germany
0.2%
Switzerland
1.8%
Hungary
0.7%
Copenhagen Denmark
89.5%
Netherlands
2.1%
Poland
0.4%
Germany
0.3%
Brussels Belgium
89.5%
Netherlands
0.9%
Germany
0.7%
Luxembourg
1.2%
Lisbon Portugal
88.8%
Spain
2.7%
San Marino
0.4%
Andorra
0.6%
Dublin Ireland
88.7%
Iceland
3.4%
United Kingdom
0.2%
Norway
0.2%
Bern Switzerland
88.5%
Germany
3.2%
France
0.3%
Italy
0.3%
Amsterdam Netherlands
88.4%
Denmark
2.8%
Belgium
0.9%
Germany
0.3%
Stockholm Sweden
87.9%
Norway
1.6%
Finland
1%
Denmark
1.9%
Andorra la Vella Andorra
87.3%
Portugal
2.7%
Spain
0.6%
Monaco
1.6%
San Marino San Marino
87.3%
Vatican City
0.5%
Italy
0.8%
Monaco
3.7%
Reykjavik Iceland
85.3%
Ireland
3.9%
Norway
1.3%
Faroe Islands
1.9%
Oslo Norway
84.9%
Finland
2.4%
Sweden
3.7%
Denmark
1.4%
Helsinki Finland
84.9%
Norway
3%
Sweden
2.8%
Denmark
1.5%
Budapest Hungary
84%
Romania
4.8%
Austria
0.7%
Bulgaria
2.9%
Prague Czechia
82%
Slovakia
3.3%
Slovenia
0.8%
Hungary
6.2%
Ankara Turkey
81.6%
Greece
0.8%
Azerbaijan
6.1%
Cyprus
3.6%
Kyiv Ukraine
80.9%
Belarus
4.8%
Moldova
3.6%
Slovakia
2.7%
Nicosia Cyprus
77.9%
Greece
1.3%
Turkey
1.3%
Malta
11%
Chisinau Moldova
77.1%
Bulgaria
4.8%
Romania
7.6%
Hungary
1.6%
Sofia Bulgaria
73.5%
Romania
9.2%
Hungary
4.4%
Serbia
4.9%
Minsk Belarus
73%
Ukraine
12.2%
Moldova
3%
Bulgaria
3.8%
Belgrade Serbia
71.7%
Montenegro
4.6%
Kosovo
6.4%
Bosnia and Herzegovina
9%
Vaduz Liechtenstein
69.9%
Monaco
3.6%
Switzerland
0.9%
Slovenia
17%
Valletta Malta
69.7%
Cyprus
8.5%
Macedonia
8.8%
Croatia
4%
Sarajevo Bosnia and Herzegovina
69%
Croatia
5.6%
Serbia
13.4%
Montenegro
4%
Zagreb Croatia
68.7%
Slovenia
4.8%
Serbia
12.9%
Albania
5.1%
Riga Latvia
68.4%
Lithuania
8.2%
Estonia
12.8%
Finland
2.2%
Bucharest Romania
66.6%
Hungary
15.5%
Bulgaria
8%
Serbia
2%
Tallinn Estonia
66.6%
Moldova
6.8%
Latvia
9.4%
Lithuania
8.3%
Bratislava Slovakia
66.5%
Slovenia
14%
Czechia
5.1%
Albania
5.8%
Ljubljana Slovenia
65.5%
Slovakia
16%
Croatia
8.1%
Hungary
1.5%
Tirana Albania
63.6%
Macedonia
9.8%
Malta
9.6%
Kosovo
7.9%
Vilnius Lithuania
60.7%
Latvia
12.7%
Estonia
10.8%
Belarus
6.9%
Pristina Kosovo
56.1%
Serbia
7.2%
Montenegro
17.5%
Slovenia
10%
Skopje Macedonia
52.8%
Albania
10.6%
Kosovo
15.5%
Montenegro
12.1%
Podgorica Montenegro
51.3%
Kosovo
13.5%
Macedonia
16.9%
Albania
8.9%

You're not logged in!

Compare scores with friends on all Sporcle quizzes.
OR
Log In

You Might Also Like...

Show Comments

Extras

Top Quizzes Today


Score Distribution

Your Account Isn't Verified!

In order to create a playlist on Sporcle, you need to verify the email address you used during registration. Go to your Sporcle Settings to finish the process.

Report this User

Report this user for behavior that violates our Community Guidelines.

Details: